| 000 | 01000cam a2200181 4500 | ||
|---|---|---|---|
| 001 | WB3944-14 | ||
| 008 | 031119n2003 000 0 eng u | ||
| 035 | _a(Sirsi) u124384 | ||
| 245 | _aHousing densities policy launched | ||
| 260 | _c2003 | ||
| 490 |
_aTown and Country Planning Association Press Release _v 18 November 2003 (3) |
||
| 520 | _aThe Town and Country Planning Association has issued a policy statement "Residential densities". It sets out different measures of density, such as net, gross and town densities and different units of density, such as dwellings per hectare, habitable rooms per hectare and bed-spaces per hectare. The report can be viewed at http://tcpa.org.uk or can be obtained free of charge from the TCPA t +44 (0)20 7930 8930, e [email protected]. http://www.tcpa.org.uk/press_files/Press%20Releases%202003/Densities%20PS%20(171103).htm | ||
| 590 | _aWB | ||
| 650 | _aHOUSING DENSITY | ||
| 650 | _aPLANNING DEVELOPMENT | ||
| 690 | _aHOUSING | ||
| 942 | _n0 | ||
| 999 |
_c73813 _d73813 |
||